000 00624nam a2200181Ia 4500
008 151202s9999||||xx |||||||||||||| ||und||
082 _bPNVM-50294
100 _aचेस जेम्स हॅडले.
245 _aरक्तांन रंगलेली माणसं.
260 _b---
260 _c0
300 _a0
600 _aचेस जेम्स हॅडले.
630 _aरक्तांन रंगलेली माणसं.
700 _aचेस जेम्स हॅडले.
730 _aरक्तांन रंगलेली माणसं.
942 _cBOOK
999 _c1316836
_d1316833